Clubs de foot : quel pays ? (5) - Statistiques

Statistiques générales
  • Ce quiz a été pris 164 fois
  • Le résultat moyen est 8 sur 20
Statistiques - réponses
Football team Country % Correct
Werder Bremen Allemagne
96%
Séville Espagne
96%
Genoa Cricket and Football Club Italie
88%
Independiente Medellín Colombie
85%
Lech Poznan Pologne
75%
Malmö Fotbollförening Suède
69%
Silkeborg IF Danemark
58%
Northwich Victoria Angleterre
38%
Atlético Petróleos de Luanda Angola
33%
FC Instrumentalshchik Bishkek Kirghizistan
33%
Vojvodina Serbie
25%
Al-Wahda San'a Yémen
25%
PFC Cherno More Varna Bulgarie
24%
Volgar Astrakhan‎ Russie
21%
Cóndor Équateur
19%
FK Detonit Plačkovica Macédoine du Nord
7%
Qizilqum Zarafshon Ouzbékistan
6%
Asset Gobongo République centrafricaine
4%
Tropical Laundries Pride of Gall Hill Barbade
2%
Magic Cannons Ghana
1%
Aucun quiz correspondant
Distribution des résultats
% des personnes avec chaque résultat
Percentile par nombre de réponses
Votre historique - résultats
Vous n’avez pas pris ce quiz